Water Intensive Economy and Environmental Issues in the Post-soviet Transition Country
Ukrajina, ako post-sovietska, tranzitívna ekonomika, trpí intenzívnou antropogénnou zmenou prostredia, veľkými objemmi spotreby vody v priemyselnom sektore a znečistením priemyselných odpadov. Tieto faktory spôsobilo najmä komunistické dedičstvo a technológie, náročné na spotrebu vody. Analýza vzťah...
Salvato in:
| Autore principale: | |
|---|---|
| Altri autori: | , |
| Natura: | Capitolo di libro |
| Lingua: | inglese |
| Soggetti: | |
| Tags: |
Nessun Tag, puoi essere il primo ad aggiungerne!!
|
MARC
| LEADER | 00000naa a2200000 4500 | ||
|---|---|---|---|
| 001 | 0231086 | ||
| 005 | 20240502083620.3 | ||
| 041 | 0 | |a eng | |
| 044 | |a IN | ||
| 245 | 1 | 0 | |a Water Intensive Economy and Environmental Issues in the Post-soviet Transition Country |c Mykhaylo Kunychka, Leonardo Orlando, Leonid Raneta |
| 520 | |a Ukrajina, ako post-sovietska, tranzitívna ekonomika, trpí intenzívnou antropogénnou zmenou prostredia, veľkými objemmi spotreby vody v priemyselnom sektore a znečistením priemyselných odpadov. Tieto faktory spôsobilo najmä komunistické dedičstvo a technológie, náročné na spotrebu vody. Analýza vzťahu medzi spotrebou vody a priemyselnou výrobou v rámci 25-ročného obdobia nezávislosti. | ||
| 610 | 2 | 0 | |a Ukrajina |
| 610 | 2 | 0 | |a zdroje vodné |
| 610 | 2 | 0 | |a výroba priemyselná |
| 610 | 2 | 0 | |a spotreba vody |
| 610 | 2 | 0 | |a politika environmentálna |
| 100 | 1 | |a Kunychka, Mykhaylo, 1990- | |
| 700 | 1 | |a Orlando, Leonardo | |
| 700 | 1 | |a Raneta, Leonid, 1982- | |